La Ilustración olvidada: Vauvernargues, Morelly, Meslier, Sade y otros ilustrados heterodoxos
Gardado en:
| Autor Principal: | |
|---|---|
| Formato: | Libro |
| Idioma: | Lingua castelá |
| Publicado: |
Ciudad de México
Fondo de Cultura Económica
1999
|
| Edición: | 1a. ed |
| Subjects: | |
| Tags: |
Engadir etiqueta
Sen Etiquetas, Sexa o primeiro en etiquetar este rexistro!
|
MARC
| LEADER | 00000cam a2200000 a 4500 | ||
|---|---|---|---|
| 001 | UCD3915 | ||
| 003 | CL-VaPUC | ||
| 008 | 160623e19990000mx |||||||||||||||||spa|d | ||
| 020 | |a 9681656873 | ||
| 082 | 0 | 4 | |a 940.25 |b SEO |2 21 |
| 100 | 0 | |a Seoane Pinilla, Julio |e author |9 587549 | |
| 245 | 1 | 3 | |a La Ilustración olvidada: Vauvernargues, Morelly, Meslier, Sade y otros ilustrados heterodoxos |
| 250 | |a 1a. ed | ||
| 300 | |a 223 p | ||
| 942 | |c BK | ||
| 945 | |d 20160623 20:47:00 |a dcastane | ||
| 260 | |a Ciudad de México |b Fondo de Cultura Económica |c 1999 | ||
| 650 | 7 | |a HISTORIA DE EUROPA SIGLOS 17-19 |2 CL-VaPUC |9 534663 | |
| 650 | 0 | |a Modernidad |9 265371 | |
| 650 | 0 | |a Filosofía europea |9 347047 | |
| 583 | |a last modification |c 20160623 20:47:00 |k Rodrigo Vera | ||
| 999 | |c 364929 |d 364927 | ||
| 952 | |0 0 |1 0 |3 erb |4 0 |6 940_250000000000000_SEO_1999 |7 0 |8 A |9 478559 |a FDOHBE |b FDOHBE |e Huesbe Llanos, Marco Antonio, 1934- |i 5333695 |o 940.25 SEO 1999 |p 5333695 |r 2024-01-30 |w 2019-11-24 |y BK |z Catalogado en:20160623 |k HBE | ||